Chasing shadows : confronting juvenile violence in America /

"Chasing Shadows: Confronting Juvenile Violence in America, is a new book that examines issues that are not normally covered in a traditional juvenile justice or delinquency text. This work is an up-to-date, research-based text that focuses on current issues. This work does not attempt to mimic...

Full description

Saved in:
Bibliographic Details
Main Author: Crews, Gordon A.
Other Authors: Montgomery, Reid H.
Format: Book
Language:English
Published: Upper Saddle River, NJ : Prentice Hall, c2001.
Subjects:
Tags: Add Tag
No Tags, Be the first to tag this record!
LEADER 02860pam a22003374a 4500
001 008767446-7
005 20020606104010.5
008 000518s2001 nju b 001 0 eng
010 |a  00041651  
020 |a 0130847844 
035 0 |a ocm44090615 
040 |a DLC  |c DLC  |d DLC 
042 |a pcc 
043 |a n-us--- 
050 0 0 |a HV9104  |b .C733 2001 
082 0 0 |a 364.36/0973  |2 21 
100 1 |a Crews, Gordon A. 
245 1 0 |a Chasing shadows :  |b confronting juvenile violence in America /  |c Gordon A. Crews, Reid H. Montgomery, Jr. 
260 |a Upper Saddle River, NJ :  |b Prentice Hall,  |c c2001. 
300 |a xxi, 186 p. ;  |c 24 cm. 
504 |a Includes bibliographical references (p. 169-180) and index. 
505 0 |a TABLE OF CONTENTS -- From Dennis the Menace to Bart Simpson: an overview of juvenile violence in America -- From South Central to nextdoor: gang and group violence -- From gum chewing to gun toting: school violence -- From trick or treat to sacrifice or suicide: occult and satanic practices -- From lack of discipline to lack of conscience: theories of juvenile violence -- From family, church, and school to police, courts, and corrections: possible solutions -- Dusk before the dawn or thunder before the storm? A look at the future. 
520 1 |a "Chasing Shadows: Confronting Juvenile Violence in America, is a new book that examines issues that are not normally covered in a traditional juvenile justice or delinquency text. This work is an up-to-date, research-based text that focuses on current issues. This work does not attempt to mimic the larger texts that cover the entire juvenile justice system or extensive legal issues. Instead, it attempts to introduce the reader to fact-based examinations of some of the most current and controversial issues facing the United States dealing with juvenile violence. This book can serve well as the centerpiece to a special-topics or seminar-type course. 
520 8 |a As a secondary or supplemental text, it can provide additional material for a college or university course dealing with juvenile delinquency or juvenile justice issues. Chasing Shadows confronts juvenile violence in America by examining the research, philosophies, and practices of the United States juvenile justice system. This text also explores new ideas and different perspectives in which to view the current situation of juvenile related violence in America. This book beckons the reader to think beyond the traditional views of this pressing problem, and challenges them to investigate further."--Jacket. 
650 0 |a Juvenile delinquency  |z United States. 
650 0 |a Violence in children  |z United States. 
650 0 |a Juvenile delinquency  |x Prevention  |z United States. 
650 0 |a Juvenile delinquency  |z United States  |x Prevention. 
700 1 |a Montgomery, Reid H. 
988 |a 20020608 
906 |0 DLC